000 00300nam a22001337a 4500
008 170320b xxu||||| |||| 00| 0 eng d
020 _a0195090314
041 _aeng
080 _23 ED
_a616.8
100 _a7
101 _aSHM
245 _aNEUROPSYCHOLOGICAL ASSESSMENT
_cLEZAK.M.D
942 _2udc
_cBK
999 _c8168
_d8168